Statistiques concernant Pays les plus verts 🌿

Cliquez ici pour prendre le quiz!

Statistiques générales

  • Ce quiz a été pris 71 fois
  • Le résultat moyen est 6 sur 10

Statistiques - réponses

HintRéponse% Correct
4.(5.98)France
87%
3.(6.2)Norvège
81%
6.(5.90)Finlande
79%
1.(6.45)Islande
70%
2.(6.44)Danemark
67%
10.(5.62)Pays-Bas
57%
5.(5.95)Irlande
52%
9.(5.63)Belgique
41%
8.(5.71)Nouvelle-Zélande
33%
7.(5.78)Costa Rica
17%

Distribution des résultats

Percentile par nombre de réponses

% des personnes avec chaque résultat

Votre développement - résultats

Vous n’avez pas pris ce quiz